000 00343nam a2200133Ia 4500
008 240624s9999 xx 000 0 und d
041 _aeng
082 _a658.8342 BIJ
100 _aBIJAPURKAR RAMA
245 _aWE ARE LIKE THAT ONLY UNDERSTANDING THE
260 _c2009
_aNew Delhi
_bPenguin Books India
300 _a312p.
365 _cRS
_b25
999 _c14185
_d14185